Département aléatoire par chef-lieu - Statistiques

Statistiques générales
  • Ce quiz a été pris 1 369 fois
  • Le résultat moyen est 18 sur 20
Statistiques - réponses
Hint Réponse % Correct
Nice Alpes-Maritimes
100%
Marseille Bouches-du-Rhône
100%
Bastia Haute-Corse
98%
Paris Paris
98%
Lyon Rhône
98%
Ajaccio Corse-du-Sud
96%
Montpellier Hérault
96%
Grenoble Isère
95%
Saint-Denis La Réunion
95%
Strasbourg Bas-Rhin
94%
Annecy Haute-Savoie
94%
Amiens Somme
94%
Quimper Finistère
93%
Colmar Haut-Rhin
93%
Nanterre Hauts-de-Seine
93%
Bordeaux Gironde
92%
Cayenne Guyane
92%
Rennes Ille-et-Vilaine
92%
Lille Nord
92%
Bobigny Seine-Saint-Denis
91%
La Rochelle Charente-Maritime
90%
Limoges Haute-Vienne
90%
La Roche-sur-Yon Vendée
90%
Versailles Yvelines
90%
Basse-Terre Guadeloupe
89%
Fort-de-France Martinique
89%
Metz Moselle
89%
Le Mans Sarthe
89%
Albi Tarn
89%
Créteil Val-de-Marne
89%
Châteauroux Indre
88%
Vannes Morbihan
88%
Tours Indre-et-Loire
87%
Saint-Étienne Loire
87%
Nantes Loire-Atlantique
87%
Privas Ardèche
86%
Angoulême Charente
86%
Agen Lot-et-Garonne
86%
Tulle Corrèze
85%
Dijon Côte-d'Or
85%
Valence Drôme
85%
Blois Loir-et-Cher
85%
Arras Pas-de-Calais
85%
Clermont-Ferrand Puy-de-Dôme
85%
Avignon Vaucluse
85%
Orléans Loiret
84%
Saint-Lô Manche
84%
Nancy Meurthe-et-Moselle
84%
Perpignan Pyrénées-Orientales
84%
Bourg-en-Bresse Ain
83%
Charleville-Mézières Ardennes
83%
Laval Mayenne
83%
Rodez Aveyron
82%
Saint-Brieuc Côtes-d'Armor
82%
Guéret Creuse
82%
Besançon Doubs
82%
Évreux Eure
82%
Nîmes Gard
82%
Pau Pyrénées-Atlantiques
82%
Toulon Var
82%
Moulins Allier
81%
Troyes Aube
81%
Carcassone Aude
81%
Toulouse Haute-Garonne
81%
Belfort Territoire de Belfort
81%
Caen Calvados
80%
Aurillac Cantal
80%
Gap Hautes-Alpes
80%
Melun Seine-et-Marne
80%
Nevers Nièvre
79%
Chambéry Savoie
79%
Épinal Vosges
79%
Digne-les-Bains Alpes-de-Haute-Provence
78%
Périgueux Dordogne
78%
Auch Gers
78%
Le Puy-en-Velay Haute-Loire
78%
Dzaoudzi Mayotte
78%
Rouen Seine-Maritime
78%
Tarbes Hautes-Pyrénées
77%
Pontoise Val-d'Oise
77%
Niort Deux-Sèvres
76%
Beauvais Oise
76%
Poitiers Vienne
76%
Mont-de-Marsan Landes
74%
Angers Maine-et-Loire
74%
Laon Aisne
73%
Évry Essonne
73%
Lons-le-Saunier Jura
72%
Châlons-en-Champagne Marne
71%
Foix Ariège
70%
Mende Lozère
70%
Auxerre Yonne
70%
Chartres Eure-et-Loir
69%
Cahors Lot
68%
Bar-le-Duc Meuse
68%
Bourges Cher
67%
Vesoul Haute-Saône
67%
Mâcon Saône-et-Loire
66%
Chaumont Haute-Marne
65%
Alençon Orne
65%
Montauban Tarn-et-Garonne
58%
Aucun quiz correspondant
Distribution des résultats
% des personnes avec chaque résultat
Percentile par nombre de réponses
Votre historique - résultats
Vous n’avez pas pris ce quiz